Child of fire. (Record no. 20539)

MARC details
000 -LEADER
fixed length control field 00734cam a2200253 4500
001 - CONTROL NUMBER
control field 316075
003 - CONTROL NUMBER IDENTIFIER
control field mut
005 - DATE AND TIME OF LATEST TRANSACTION
control field 20240606081520.0
008 - FIXED-LENGTH DATA ELEMENTS--GENERAL INFORMATION
fixed length control field 740502s1974 mau j 000 1 eng
010 ## - LIBRARY OF CONGRESS CONTROL NUMBER
LC control number 74008718
020 ## - INTERNATIONAL STANDARD BOOK NUMBER
International Standard Book Number 0395194962
040 ## - CATALOGING SOURCE
Original cataloging agency DLC
Transcribing agency MUT
Modifying agency DLC
042 ## - AUTHENTICATION CODE
Authentication code lcac
050 00 - LIBRARY OF CONGRESS CALL NUMBER
Classification number PZ7.O23
Item number 1974
082 00 - DEWEY DECIMAL CLASSIFICATION NUMBER
Classification number [Fic]
100 1# - MAIN ENTRY--PERSONAL NAME
Personal name O'Dell, Scott,
Dates associated with a name 1898-1989.
245 10 - TITLE STATEMENT
Title Child of fire.
260 ## - PUBLICATION, DISTRIBUTION, ETC.
Place of publication, distribution, etc. Boston,
Name of publisher, distributor, etc. Houghton Mifflin,
Date of publication, distribution, etc. 1974.
300 ## - PHYSICAL DESCRIPTION
Extent 213 p.
Dimensions 22 cm.
520 ## - SUMMARY, ETC.
Summary, etc. A parole officer relates his efforts to keep the violence and heroics of two young Chicanos under control.
650 #1 - SUBJECT ADDED ENTRY--TOPICAL TERM
Topical term or geographic name entry element Mexican Americans
General subdivision Fiction.
906 ## - LOCAL DATA ELEMENT F, LDF (RLIN)
a 7
b cbc
c orignew
d 1
e ocip
f 19
g y-gencatlg
942 ## - ADDED ENTRY ELEMENTS (KOHA)
Source of classification or shelving scheme Library of Congress Classification
Koha item type Books
Holdings
Withdrawn status Lost status Source of classification or shelving scheme Damaged status Not for loan Home library Current library Shelving location Date acquired Source of acquisition Total checkouts Full call number Barcode Date last seen Price effective from Koha item type
    Library of Congress Classification     Murang'a University of Technology Library Murang'a University of Technology Library General stacks 14/09/2021 Donation-TFC   PZ7.O23 1974 028620 30/08/2024 14/09/2021 Books